000 00461nam a2200169Ia 4500
999 _c29427
_d29427
003 OSt
005 20201127150438.0
008 190216s9999||||xx |||||||||||||| ||und||
040 _coclc
082 _a920
_bKUN/S
100 _aKunjhappa, C H
_96781
245 0 _aSmaranakal Mathram /
_cC H Kunjhappa
260 _bCurrent Books,
_aTrissur;
_c2000.
300 _a304p
650 _aAthmakadha
942 _cBK
_2ddc
_h920
_iKUN/S
_k920
_mKUN/S